000 00698nam a22001937a 4500
003 OSt
005 20251117135820.0
008 250731b |||||||| |||| 00| 0 eng d
020 _a9789719919803
040 _aDWCL-Main lib
_cOC
082 _aFil. 657 P984c 2015
100 _aPunzalan, Angelito S.
245 _a A comprehensive and procedural approach in practical accounting 2 (for accounting students and CPA reviewees) :
_bsimplified/
_cAngelito S. Punzalan
250 _a2015 edition
260 _aManila :
_bGIC Enterprises,
_cc2015.
300 _a798 pages ;
_c23 cm.
650 _a1. Accounting--Practical--Problems, exercises, etc.
942 _2ddc
_cBK - FIL
_e2015 edition
_kFil.
_n0
999 _c3917
_d3917